Sexuality (Record no. 597866)

MARC details
000 -LEADER
fixed length control field 00440nam a22001697a 4500
008 - FIXED-LENGTH DATA ELEMENTS--GENERAL INFORMATION
fixed length control field 251117b |||||||| |||| 00| 0 eng d
020 ## - INTERNATIONAL STANDARD BOOK NUMBER
ISBN 9780192880192
Paper back/Hardbound pbk
082 ## - DEWEY DECIMAL CLASSIFICATION NUMBER
Classification number 306.709
Item number NYE
100 ## - MAIN ENTRY--AUTHOR NAME
Personal name Nye, Robert A
245 ## - TITLE STATEMENT
Title Sexuality
Statement of responsibility, etc /ed by Robert A Nye
260 ## - PUBLICATION, DISTRIBUTION, ETC. (IMPRINT)
Place of publication Oxford
Name of publisher Oxford University Press
Year of publication 1999
300 ## - PHYSICAL DESCRIPTION
Number of Pages 503 p
504 ## - BIBLIOGRAPHY, ETC. NOTE
Bibliography, etc Includes bibliographies and index
650 ## - SUBJECT ADDED ENTRY--TOPICAL TERM
Topical Term Social Science
942 ## - ADDED ENTRY ELEMENTS (KOHA)
Koha item type English Books
Holdings
Withdrawn status Lost status Damaged status Not for loan Home library Current library Shelving location Date acquired Full call number Accession Number Price effective from Koha item type
        Anna Centenary Library Anna Centenary Library 3RD FLOOR, B WING 31.07.2010 306.709 NYE 109960 17.11.2025 English Books

Find us on the map